Advanced calculus / (Record no. 127352)

MARC details
000 -LEADER
fixed length control field 00589nam a22002177a 4500
005 - DATE AND TIME OF LATEST TRANSACTION
control field 20170124110024.0
010 ## - LIBRARY OF CONGRESS CONTROL NUMBER
LC control number A-753152
020 ## - INTERNATIONAL STANDARD BOOK NUMBER
Terms of availability 75.00
035 ## - SYSTEM CONTROL NUMBER
System control number A-753152
037 ## - SOURCE OF ACQUISITION
Source of stock number/acquisition Cen Lib/Ret
040 ## - CATALOGING SOURCE
Original cataloging agency DPL
Language of cataloging EN
082 ## - DEWEY DECIMAL CLASSIFICATION NUMBER
Classification number 515
Item number THA
100 ## - MAIN ENTRY--PERSONAL NAME
Personal name Thakur, B.R.
9 (RLIN) 20244
245 ## - TITLE STATEMENT
Title Advanced calculus /
Statement of responsibility, etc by B.R.Thakur [and] Hari Kishan
260 ## - PUBLICATION, DISTRIBUTION, ETC. (IMPRINT)
Name of publisher, distributor, etc Ram Prasad & Sons
Date of publication, distribution, etc 1995-96
Place of publication, distribution, etc Agra
270 ## - ADDRESS
Address Hospital Road
City Agra-3
300 ## - PHYSICAL DESCRIPTION
Extent 364p. :
Dimensions 20(Hb)
Other physical details ill.
650 ## - SUBJECT ADDED ENTRY--TOPICAL TERM
Topical term or geographic name as entry element Calculus.
9 (RLIN) 20245
700 ## - ADDED ENTRY--PERSONAL NAME
Personal name Kishan, Hari
9 (RLIN) 20246
942 ## - ADDED ENTRY ELEMENTS (KOHA)
Source of classification or shelving scheme Dewey Decimal Classification
Koha item type English Books
Classification part 515
Call number suffix THA
Holdings
Withdrawn status Lost status Damaged status Not for loan Home library Current library Date acquired Source of acquisition Cost, normal purchase price Total Checkouts Full call number Barcode Date last seen Copy number Cost, replacement price Price effective from Koha item type
        Central Library Central Library 29/06/2015 Cen Lib/Ret 75.00   515 THA A-753152 29/06/2015 1 75.00 29/06/2015 English Books

© Delhi Public Library
Hit Counter
free hit counter